000 00286nam a2200109Ia 4500
008 220120s9999||||xx |||||||||||||| ||und||
100 _aHaykin, Simon and Veen, Barry Van
245 0 _aSignals and systems
260 _aJohn wiley and sons
_c2003
300 _b0
650 _aGENERAL BOOKS
999 _c137135
_d137135